000 00547nam a22001937a 4500
003 MPLRDC
005 20220104202327.0
008 210129b ||||| |||| 00| 0 eng d
020 _a978-957-10-7284-5
082 _a528.21 XJH
100 _a幸佳慧、李佳燕 文
245 _a亲爱的大人
_c迷路 图
250 _a初版三刷
260 _a台湾
_b尖端出版, 城邦文化事业股份有限公司
_c2017
300 _b
520 _a上架 2018-01-02。
650 _a子女教育;亲子教育
942 _cBK
_o528.21 XJH
999 _c67597
_d67587